000
00351 a2200157 4500
999
_c
12708
_d
12708
003
OSt
005
20240703185044.0
008
240703b ||||| |||| 00| 0 eng d
020
_a
9788412721522
082
_a
[720.92 GAL]
100
_a
Luis Fernández-Galiano
245
_a
Surrealist Koolhaas
260
_b
Avisa
300
_a
93p;
942
_2
ddc